The art of projecting. : A manual of experimentation in physics, chemistry, and natural history with the porte lumiere and magic lantern /

Bibliographic Details
Main Author: Dolbear, A. E. (Amos Emerson), 1837-1910
Format: Book
Language:English
Published: Boston : Lothrop, Lee & Shepard co., [1887]
Edition:New ed., rev., with additions.
Subjects:

MARC

Tag First Indicator Second Indicator Subfields
LEADER 00000cam a2200000 4500
001 in00000047035
005 20151007065407.0
008 730702s1887 mau 00000 eng u
035 |a (OCoLC)00648926 
035 |9 AAE1904AM 
040 |c KSU  |d TXA  |d UtOrBLW 
049 |a TXAM  |c [102818] 
090 |a Q186  |b .D67 1887 
092 |a 535  |b D661a2 
100 1 |a Dolbear, A. E.  |q (Amos Emerson),  |d 1837-1910. 
245 1 4 |a The art of projecting. :  |b A manual of experimentation in physics, chemistry, and natural history with the porte lumiere and magic lantern /  |c By Prof. A. E. Dolbear ... 
250 |a New ed., rev., with additions. 
264 1 |a Boston :  |b Lothrop, Lee & Shepard co.,  |c [1887] 
264 4 |c [©1887] 
300 |a 178 pages :  |b illustrations ;  |c 21 cm. 
336 |a text  |b txt  |2 rdacontent 
337 |a unmediated  |b n  |2 rdamedia 
338 |a volume  |b nc  |2 rdacarrier 
650 0 |a Lantern projection. 
999 |a MARS 
999 f f |s 883d5e61-325e-3d3f-8fc8-10b3141ab78c  |i 82fb0992-b019-31d8-b39a-2719796e527e  |t 0 
952 f f |p normal  |a Texas A&M University  |b College Station  |c Sterling C. Evans Library  |d Evans: Library Stacks  |t 0  |e Q186 .D67 1887  |h Library of Congress classification  |i unmediated -- volume  |m A14800916313 
998 f f |a Q186 .D67 1887  |t 0  |l Evans: Library Stacks